| 000 | 00647cab a2200241 4500 | ||
|---|---|---|---|
| 001 | A29 | ||
| 008 | 090401t1990 xxu||||| |||| 00| 0 eng d | ||
| 035 | _a(Sirsi) u31770 | ||
| 041 | _aeng | ||
| 100 | _aCinneide, M.S.O. | ||
| 245 | _aApplying strategic planning to local economic development | ||
| 260 | _c1990 | ||
| 350 | _a0 | ||
| 490 |
_aTown Planning Review _v61(4) October 1990, 475-486(12) |
||
| 650 | _aCONNEMARA GAELTACHT | ||
| 650 | _aECONOMIC DEVELOPMENT | ||
| 650 | _aIRELAND | ||
| 650 | _aLOCAL ECONOMIC DEVELOPMENT | ||
| 650 | _aSTRATEGIC PLANNING | ||
| 690 | _aECONOMIC AND SOCIAL | ||
| 942 | _n0 | ||
| 948 | _c04/03/1997 | ||
| 999 |
_c21327 _d21327 |
||